000 00555nam a22001577a 4500
008 230103b |||||||| |||| 00| 0 eng d
082 _a370.71/B469j
100 _aBhatt, Ganesh Datt
245 _aA journey of a native teenage school teacher to a transformative school leader in the making ; an autoethnographic inquiry
260 _aKathmandu:
_bKU, School of education ,
_c2022
300 _bix,168p.;illus.
502 _aThesis (M.Phil. in Education), KU
504 _aBibliography: p.161-168
650 _aTeacher education
942 _2ddc
_cNCD
999 _c106362
_d106350